[Event "Memorial Philidora"]
[Site "RUS"]
[Date "2013.08.15"]
[Round "2"]
[White "Arustamian, Artur"]
[Black "Slavinsky, Petr"]
[Result "1-0"]
[WhiteElo "2386"]
[BlackElo "2102"]
[PlyCount "45"]
[EventDate "2013.??.??"]
[EventCountry "RUS"]
[SourceDate "2005.09.12"]

1. e4 c5 2. Nf3 Nc6 3. d4 cxd4 4. Nxd4 Nf6 5. Nc3 e5 6. Ndb5 d6 7. Bg5 a6 8.
Na3 b5 9. Nd5 Be7 10. Bxf6 Bxf6 11. c3 Bg5 12. Nc2 O-O 13. a4 bxa4 14. Rxa4 f5
15. exf5 Bxf5 16. Bxa6 Bh4 17. O-O e4 18. Nde3 Ne5 19. Qd5+ Kh8 20. Nxf5 Rxf5
21. Qxe4 Rg5 22. Bd3 Rg6 23. Rxa8 1-0

[Event "Memorial Philidora"]
[Site "RUS"]
[Date "2013.08.15"]
[Round "2"]
[White "Kostin, Konstantin"]
[Black "Reprintsev, Alexander"]
[Result "1/2-1/2"]
[WhiteElo "2301"]
[BlackElo "2338"]
[PlyCount "76"]
[EventDate "2013.??.??"]
[EventCountry "RUS"]
[SourceDate "2005.09.12"]

1. d4 d5 2. c4 dxc4 3. Nf3 a6 4. e3 b5 5. a4 Bb7 6. axb5 axb5 7. Rxa8 Bxa8 8.
b3 e6 9. bxc4 bxc4 10. Bxc4 Bd6 11. Nc3 Nf6 12. Qa4+ Nbd7 13. Nb5 Bxf3 14.
Nxd6+ cxd6 15. gxf3 O-O 16. Bd3 Nd5 17. Bd2 e5 18. Qb5 Nc7 19. Qc6 exd4 20. Qe4
Nf6 21. Qxd4 Ne6 22. Qa1 Nc5 23. Bc2 Nfd7 24. Bc3 Qg5 25. Kf1 f6 26. Qd1 Qh5
27. Kg2 Qg5+ 28. Kf1 Qh5 29. h4 Qf7 30. Kg2 Qe6 31. Qd4 Ne5 32. Rd1 Nf7 33. Bb4
Rc8 34. Qf4 g6 35. Qd4 Na6 36. Bd3 Nxb4 37. Qxb4 Kg7 38. Be4 Qc4 1/2-1/2

[Event "Memorial Philidora"]
[Site "RUS"]
[Date "2013.08.15"]
[Round "2"]
[White "Morozov, Grigoriy"]
[Black "Kutuzov, Denis"]
[Result "1-0"]
[WhiteElo "2341"]
[BlackElo "2343"]
[PlyCount "43"]
[EventDate "2013.??.??"]
[EventCountry "RUS"]
[SourceDate "2005.09.12"]

1. d4 d5 2. c4 c6 3. Nf3 Nf6 4. Qc2 a6 5. Nbd2 b5 6. cxd5 cxd5 7. Nb3 Bb7 8.
Bd2 Nc6 9. Nc5 Qb6 10. e3 Rc8 11. b4 e5 12. a4 Ne4 13. axb5 axb5 14. Be2 exd4
15. exd4 Be7 16. O-O g5 17. Be3 g4 18. Nd2 f5 19. Ndxe4 dxe4 20. Qb3 f4 21.
Bxg4 fxe3 22. Qd5 1-0

[Event "Memorial Philidora"]
[Site "RUS"]
[Date "2013.08.15"]
[Round "2"]
[White "Prosviriakov, Vladimir"]
[Black "Afanasiev, Nikita"]
[Result "0-1"]
[WhiteElo "2307"]
[BlackElo "2282"]
[PlyCount "86"]
[EventDate "2013.??.??"]
[EventCountry "RUS"]
[SourceDate "2005.09.12"]

1. d4 Nf6 2. Nf3 e6 3. Bg5 h6 4. Bxf6 Qxf6 5. e4 d6 6. Nc3 g6 7. Qd2 Bg7 8.
O-O-O O-O 9. h4 Nc6 10. Be2 a6 11. g4 Qe7 12. Qe3 b5 13. g5 h5 14. e5 b4 15.
Ne4 dxe5 16. Nf6+ Bxf6 17. gxf6 Qxf6 18. dxe5 Qg7 19. Rhg1 Ne7 20. Bd3 Bb7 21.
Ng5 Rfe8 22. f4 a5 23. Rg3 a4 24. Rdg1 Bd5 25. Kb1 a3 26. b3 Ra5 27. Qe2 Rc5
28. Ne4 Bxe4 29. Bxe4 Nd5 30. Bxd5 Rxd5 31. Qxh5 gxh5 32. Rxg7+ Kf8 33. Rh7 Rd4
34. Rxh5 Rxf4 35. Kc1 Ke7 36. Rh7 Rd8 37. h5 Rd5 38. h6 Rf2 39. Rd1 Rxe5 40.
Rg7 Ree2 41. Rd4 Rxc2+ 42. Kd1 Rxa2 43. Ke1 Rae2+ 0-1

[Event "Memorial Philidora"]
[Site "RUS"]
[Date "2013.08.15"]
[Round "2"]
[White "Pasalic, Harun"]
[Black "Rozanov, Pavel B"]
[Result "0-1"]
[WhiteElo "2212"]
[BlackElo "2304"]
[PlyCount "94"]
[EventDate "2013.??.??"]
[EventCountry "RUS"]
[SourceDate "2005.09.12"]

1. e4 e6 2. d4 d5 3. Nd2 c5 4. c3 Nc6 5. Ngf3 Nf6 6. Bd3 cxd4 7. cxd4 Nb4 8.
Bb1 dxe4 9. Nxe4 Bd7 10. a3 Nbd5 11. O-O Be7 12. Qe2 a6 13. Bd3 Nxe4 14. Qxe4
Bb5 15. Bxb5+ axb5 16. Qd3 Qb6 17. Bg5 Bxg5 18. Nxg5 h6 19. Ne4 O-O 20. Nc3 Nc7
21. Rac1 Rfd8 22. Rfd1 b4 23. Ne4 Nb5 24. a4 Nxd4 25. Qe3 e5 26. b3 Rac8 27.
Rxc8 Rxc8 28. Nd2 f6 29. Nc4 Qc5 30. Rc1 Ne6 31. Qe4 Qc6 32. Qxc6 Rxc6 33. Rd1
Nd4 34. Na5 Rc7 35. f4 Ne2+ 36. Kf1 Nxf4 37. Rd8+ Kh7 38. Rb8 Rc1+ 39. Kf2 Nd3+
40. Ke2 Nc5 41. Nxb7 Nxb3 42. a5 Ra1 43. Ra8 Nd4+ 44. Kd3 b3 45. Kc3 Rc1+ 46.
Kb2 Rc2+ 47. Kb1 Nb5 0-1

[Event "Memorial Philidora"]
[Site "RUS"]
[Date "2013.08.16"]
[Round "3"]
[White "Rozanov, Pavel B"]
[Black "Arustamian, Artur"]
[Result "1/2-1/2"]
[WhiteElo "2304"]
[BlackElo "2386"]
[PlyCount "29"]
[EventDate "2013.??.??"]
[EventCountry "RUS"]
[SourceDate "2005.09.12"]

1. c4 c6 2. d4 d5 3. Nf3 Nf6 4. Nc3 e6 5. Bg5 Nbd7 6. cxd5 exd5 7. e3 Be7 8.
Bd3 O-O 9. Qc2 Re8 10. h3 Nf8 11. Bf4 Bd6 12. Bxd6 Qxd6 13. O-O-O a5 14. Kb1 b6
15. Ne5 1/2-1/2

[Event "Memorial Philidora"]
[Site "RUS"]
[Date "2013.08.16"]
[Round "3"]
[White "Reprintsev, Alexander"]
[Black "Pasalic, Harun"]
[Result "1-0"]
[WhiteElo "2338"]
[BlackElo "2212"]
[PlyCount "47"]
[EventDate "2013.??.??"]
[EventCountry "RUS"]
[SourceDate "2005.09.12"]

1. e4 d6 2. d4 Nf6 3. Nc3 e5 4. dxe5 dxe5 5. Qxd8+ Kxd8 6. Bd2 Bd6 7. O-O-O
Nbd7 8. g3 c6 9. f4 Re8 10. Nf3 Kc7 11. Bc4 Re7 12. Rhe1 Nb6 13. fxe5 Bxe5 14.
Nxe5 Rxe5 15. Bxf7 g5 16. Rf1 Nbd7 17. h4 h6 18. Bg6 b5 19. hxg5 hxg5 20. Rf5
b4 21. Na4 Rxe4 22. Rxg5 Rg4 23. Rxg4 Nxg4 24. Bxb4 1-0

[Event "Memorial Philidora"]
[Site "RUS"]
[Date "2013.08.17"]
[Round "4"]
[White "Kostin, Konstantin"]
[Black "Afanasiev, Nikita"]
[Result "1/2-1/2"]
[WhiteElo "2301"]
[BlackElo "2282"]
[PlyCount "44"]
[EventDate "2013.??.??"]
[EventCountry "RUS"]
[SourceDate "2005.09.12"]

1. d4 Nf6 2. Nf3 g6 3. c4 Bg7 4. Nc3 O-O 5. e4 d6 6. Be2 Bg4 7. Be3 c5 8. d5
Qa5 9. Qd2 Nbd7 10. O-O Nb6 11. b3 Bxf3 12. Bxf3 Ng4 13. Rac1 Nxe3 14. Qxe3 Bd4
15. Qd3 Nd7 16. Qc2 e5 17. dxe6 fxe6 18. e5 Nxe5 19. Bxb7 Rab8 20. Be4 Rxf2 21.
Rxf2 Ng4 22. Rcf1 Nxf2 1/2-1/2

[Event "Memorial Philidora"]
[Site "RUS"]
[Date "2013.08.17"]
[Round "4"]
[White "Prosviriakov, Vladimir"]
[Black "Rozanov, Pavel B"]
[Result "1/2-1/2"]
[WhiteElo "2307"]
[BlackElo "2304"]
[PlyCount "44"]
[EventDate "2013.??.??"]
[EventCountry "RUS"]
[SourceDate "2005.09.12"]

1. e4 e6 2. f4 d5 3. e5 c5 4. Nf3 Nc6 5. c3 Nh6 6. Na3 Qb6 7. Nc2 Bd7 8. d4 f6
9. Bd3 O-O-O 10. O-O Be8 11. Qe1 c4 12. Be2 Bg6 13. Ne3 Nf5 14. b3 cxb3 15.
axb3 Qxb3 16. Bd1 Qb6 17. exf6 gxf6 18. Ng4 Bg7 19. Qxe6+ Kb8 20. Nxf6 Ncxd4
21. Nxd4 Bxf6 22. Qxb6 axb6 1/2-1/2

[Event "Memorial Philidora"]
[Site "RUS"]
[Date "2013.08.17"]
[Round "4"]
[White "Morozov, Grigoriy"]
[Black "Slavinsky, Petr"]
[Result "1-0"]
[WhiteElo "2341"]
[BlackElo "2102"]
[PlyCount "61"]
[EventDate "2013.??.??"]
[EventCountry "RUS"]
[SourceDate "2005.09.12"]

1. d4 Nf6 2. c4 c5 3. d5 b5 4. cxb5 a6 5. b6 Qxb6 6. Nc3 g6 7. Nf3 Bg7 8. e4 d6
9. e5 dxe5 10. Nxe5 O-O 11. Nc4 Qc7 12. Be2 Nbd7 13. Bf3 Bb7 14. O-O Nb6 15.
Nxb6 Qxb6 16. Re1 Rfe8 17. Be3 Qxb2 18. Na4 Qe5 19. Bxc5 Qf5 20. Nb6 Nxd5 21.
Bxd5 Rad8 22. g4 Qg5 23. Be3 Qe5 24. Bxb7 Rxd1 25. Raxd1 Qe6 26. h3 Qxa2 27.
Rd7 e6 28. g5 a5 29. Bc6 Rb8 30. Red1 Be5 31. R7d2 1-0

[Event "Memorial Philidora"]
[Site "RUS"]
[Date "2013.08.20"]
[Round "5"]
[White "Rozanov, Pavel B"]
[Black "Morozov, Grigoriy"]
[Result "1-0"]
[WhiteElo "2304"]
[BlackElo "2341"]
[PlyCount "55"]
[EventDate "2013.??.??"]
[EventCountry "RUS"]
[SourceDate "2005.09.12"]

1. e4 e6 2. d4 d5 3. Nc3 Bb4 4. e5 Qd7 5. h4 b6 6. Qg4 Bf8 7. h5 Nh6 8. Qf4 Ba6
9. Nge2 c5 10. g4 Nc6 11. Be3 b5 12. dxc5 b4 13. Na4 Nxe5 14. Qxe5 Nxg4 15. Qd4
Nxe3 16. fxe3 Qxa4 17. h6 Rg8 18. Nc3 Qa5 19. Nxd5 Bb7 20. Bb5+ Kd8 21. Nb6+
Bd5 22. Nxd5 Qxb5 23. Nb6+ Ke8 24. Nxa8 Qc6 25. O-O-O Be7 26. hxg7 f6 27. Rxh7
Qxa8 28. Qg4 1-0

[Event "Memorial Philidora"]
[Site "RUS"]
[Date "2013.08.20"]
[Round "5"]
[White "Arustamian, Artur"]
[Black "Prosviriakov, Vladimir"]
[Result "1/2-1/2"]
[WhiteElo "2386"]
[BlackElo "2307"]
[PlyCount "36"]
[EventDate "2013.??.??"]
[EventCountry "RUS"]
[SourceDate "2005.09.12"]

1. e4 c6 2. d4 d5 3. exd5 cxd5 4. Bd3 Qc7 5. c3 Nc6 6. Nf3 Nf6 7. O-O Bg4 8. h3
Bxf3 9. Qxf3 e6 10. Nd2 Bd6 11. Re1 O-O 12. Nf1 Rac8 13. Ne3 a6 14. Ng4 Nxg4
15. Qxg4 Ne7 16. Bd2 Ng6 17. h4 Nf4 18. Bxf4 Bxf4 1/2-1/2

[Event "Memorial Philidora"]
[Site "RUS"]
[Date "2013.08.27"]
[Round "9"]
[White "Arustamian, Artur"]
[Black "Kutuzov, Denis"]
[Result "1/2-1/2"]
[WhiteElo "2386"]
[BlackElo "2343"]
[PlyCount "36"]
[EventDate "2013.??.??"]
[EventCountry "RUS"]
[SourceDate "2005.09.12"]

1. e4 a6 2. c4 e5 3. Nf3 Nc6 4. a3 Bc5 5. b4 Ba7 6. Be2 d6 7. O-O Nf6 8. d3 O-O
9. Be3 Bxe3 10. fxe3 Ne7 11. Nc3 c6 12. Qd2 Ng6 13. d4 Re8 14. Qc2 Qe7 15. Rae1
b6 16. Kh1 Bb7 17. Nd2 exd4 18. exd4 c5 1/2-1/2

[Event "Memorial Philidora"]
[Site "RUS"]
[Date "2013.08.27"]
[Round "9"]
[White "Morozov, Grigoriy"]
[Black "Kostin, Konstantin"]
[Result "0-1"]
[WhiteElo "2341"]
[BlackElo "2301"]
[PlyCount "78"]
[EventDate "2013.??.??"]
[EventCountry "RUS"]
[SourceDate "2005.09.12"]

1. d4 Nf6 2. c4 e6 3. Nf3 d5 4. g3 Be7 5. Bg2 O-O 6. O-O dxc4 7. Qc2 a6 8. Qxc4
b5 9. Qc2 Bb7 10. Bd2 Be4 11. Qc1 Nc6 12. Nc3 Nxd4 13. Nxd4 Bxg2 14. Nxe6 fxe6
15. Kxg2 b4 16. Nd1 Qd5+ 17. f3 Rfd8 18. Be1 Ng4 19. Qf4 Ne5 20. Ne3 Qb5 21.
Qe4 Qxe2+ 22. Rf2 Qb5 23. f4 Nd3 24. Qxe6+ Kh8 25. Rc2 Bf6 26. Qc6 Re8 27. Bd2
Nxb2 28. Rf1 Qxc6+ 29. Rxc6 Rad8 30. Bc1 Nd3 31. Nc2 Nxc1 32. Rxc1 Bc3 33. Rxc7
h6 34. a3 Bb2 35. Rb1 bxa3 36. Kh3 Rc8 37. Rxc8 Rxc8 38. Nb4 a5 39. Na2 Rc2 0-1

[Event "Memorial Philidora"]
[Site "RUS"]
[Date "2013.08.16"]
[Round "3"]
[White "Kutuzov, Denis"]
[Black "Kostin, Konstantin"]
[Result "0-1"]
[WhiteElo "2343"]
[BlackElo "2301"]
[PlyCount "104"]
[EventDate "2013.??.??"]
[EventCountry "RUS"]
[SourceDate "2005.09.12"]

1. b4 d5 2. Bb2 Nf6 3. e3 Bf5 4. Nf3 e6 5. a3 a5 6. b5 Nbd7 7. c4 Bd6 8. cxd5
exd5 9. Be2 h6 10. O-O O-O 11. Nc3 Bh7 12. Na4 Qe7 13. Qb3 Rfd8 14. Rfc1 Nf8
15. Bxf6 Qxf6 16. Nc3 c6 17. bxc6 bxc6 18. d4 Rdb8 19. Qa2 Ra7 20. Na4 Rab7 21.
g3 Bf5 22. Nd2 Nh7 23. Rxc6 Bd7 24. Qxd5 Bxc6 25. Qxc6 Rc7 26. Qd5 Ng5 27. Ne4
Nxe4 28. Qxe4 Qe7 29. Qxe7 Bxe7 30. Ra2 Rb3 31. Nc5 Bxc5 32. dxc5 Rxc5 33. a4
Rbc3 34. Rd2 g6 35. Bb5 Rc2 36. Rd4 Rb2 37. Rf4 Kg7 38. Be8 Rc7 39. h4 Re7 40.
Bb5 Rb4 41. Rc4 Rxc4 42. Bxc4 Rc7 43. Bb5 Kf6 44. Kg2 Rc5 45. Ba6 Rc6 46. Bd3
Rc3 47. Bb5 Rb3 48. Bc6 Rb6 49. Be4 Ke5 50. Bd3 Rb4 51. Bc2 Kd5 52. Kf3 Kc4 0-1

[Event "Memorial Philidora"]
[Site "RUS"]
[Date "2013.08.16"]
[Round "3"]
[White "Afanasiev, Nikita"]
[Black "Morozov, Grigoriy"]
[Result "0-1"]
[WhiteElo "2282"]
[BlackElo "2341"]
[PlyCount "84"]
[EventDate "2013.??.??"]
[EventCountry "RUS"]
[SourceDate "2005.09.12"]

1. c4 e6 2. Nf3 d5 3. g3 Nf6 4. Bg2 Be7 5. O-O O-O 6. d4 Nbd7 7. Qc2 c5 8. cxd5
Nxd5 9. dxc5 Nxc5 10. a3 Bd7 11. e4 Ba4 12. Qe2 Nb6 13. Nc3 Bb3 14. Nd2 Bc2 15.
Qg4 Bf6 16. Nf3 Bxc3 17. bxc3 Bxe4 18. Be3 Nba4 19. Rad1 Qe7 20. Bd4 f6 21.
Rfe1 Rad8 22. Bxc5 Nxc5 23. Rxd8 Qxd8 24. Nd4 f5 25. Qe2 Qf6 26. Qc4 b6 27. Nb3
Bd3 28. Qb4 Rc8 29. Nxc5 Rxc5 30. Qa4 Qe7 31. Qd4 Bc4 32. Qf4 Qc7 33. Qh4 h6
34. Bf3 Bb3 35. Bh5 Rc4 36. Qh3 Rxc3 37. Bg6 Rc1 38. Qf1 Rxe1 39. Qxe1 Bd5 40.
h4 Qc5 41. a4 Qa3 42. Kh2 Qf3 0-1

[Event "Memorial Philidora"]
[Site "RUS"]
[Date "2013.08.27"]
[Round "9"]
[White "Slavinsky, Petr"]
[Black "Pasalic, Harun"]
[Result "0-1"]
[WhiteElo "2102"]
[BlackElo "2212"]
[PlyCount "120"]
[EventDate "2013.??.??"]
[EventCountry "RUS"]
[SourceDate "2005.09.12"]

1. e4 c5 2. d4 cxd4 3. c3 g6 4. cxd4 d5 5. exd5 Nf6 6. Bb5+ Nbd7 7. Nc3 Bg7 8.
d6 exd6 9. Qe2+ Qe7 10. Qxe7+ Kxe7 11. Bf4 Nb6 12. Nf3 a6 13. Bd3 Be6 14. O-O
Nfd5 15. Bg5+ Kd7 16. Be4 Rhe8 17. a4 f5 18. Bxd5 Nxd5 19. Rfe1 Bf7 20. Bd2 h6
21. h4 Rh8 22. Ne2 Bf6 23. b4 b6 24. Rac1 Rag8 25. b5 a5 26. Rc6 Bd8 27. Rec1
g5 28. Ng3 Bg6 29. hxg5 f4 30. gxh6 fxg3 31. fxg3 Be4 32. Kf2 Nf6 33. Rc8 Ng4+
34. Kg1 Nxh6 35. Bf4 Nf5 36. Kf2 Ne7 37. R8c3 Nd5 38. Ra3 Bf6 39. Be3 Nb4 40.
Ne1 Rf8 41. Kg1 Rhg8 42. Bf2 Bg5 43. Rd1 d5 44. Rc3 Rc8 45. Rxc8 Rxc8 46. Nf3
Rc1 47. Ne5+ Ke6 48. Rxc1 Bxc1 49. Be1 Be3+ 50. Bf2 Bxf2+ 51. Kxf2 Bc2 52. g4
Bxa4 53. g5 Bxb5 54. g6 Nd3+ 55. Ke3 Nxe5 56. dxe5 Be8 57. g7 Bf7 58. Kd4 Bg8
59. g4 Bf7 60. g5 Bg8 0-1

[Event "Memorial Philidora"]
[Site "RUS"]
[Date "2013.08.16"]
[Round "3"]
[White "Slavinsky, Petr"]
[Black "Prosviriakov, Vladimir"]
[Result "0-1"]
[WhiteElo "2102"]
[BlackElo "2307"]
[PlyCount "118"]
[EventDate "2013.??.??"]
[EventCountry "RUS"]
[SourceDate "2005.09.12"]

1. e4 Nc6 2. Nc3 e5 3. Nf3 g6 4. d4 exd4 5. Nxd4 Bg7 6. Be3 Nf6 7. Nxc6 bxc6 8.
e5 Ng8 9. f4 f6 10. Bd4 fxe5 11. fxe5 Nh6 12. e6 Qh4+ 13. Bf2 Qe7 14. Bd4 Qxe6+
15. Be2 Bxd4 16. Qxd4 O-O 17. O-O-O Nf5 18. Qa4 d5 19. Rhe1 Qf6 20. Bf3 Kh8 21.
Qf4 Qg7 22. h4 Rb8 23. Qg5 h6 24. Qf4 d4 25. Na4 Ne3 26. Qxd4 Nxd1 27. Rxd1
Qxd4 28. Rxd4 Bf5 29. Bxc6 Rbd8 30. Rf4 Rd6 31. Bf3 g5 32. hxg5 hxg5 33. Rc4 g4
34. Be2 Be6 35. Rxc7 Rf2 36. Bd3 Rxg2 37. Rxa7 Bf5 38. Nc5 g3 39. b4 Bxd3 40.
Nxd3 Rg1+ 41. Kb2 g2 42. Ra5 Rb1+ 43. Kxb1 g1=Q+ 44. Kb2 Rf6 45. Rc5 Qd4+ 46.
Kb3 Rf1 47. Ka3 Rf8 48. Kb3 Rf1 49. Ka3 Rb1 50. Rc8+ Kg7 51. Rc7+ Kf6 52. Rc6+
Ke7 53. Ka4 Qd5 54. Rc7+ Kd6 55. Rc5 Qa8+ 56. Kb5 Qxa2 57. c4 Qa3 58. Rd5+ Kc7
59. Rc5+ Kb7 0-1

[Event "Memorial Philidora"]
[Site "RUS"]
[Date "2013.08.22"]
[Round "6"]
[White "Afanasiev, Nikita"]
[Black "Kutuzov, Denis"]
[Result "0-1"]
[WhiteElo "2282"]
[BlackElo "2343"]
[PlyCount "98"]
[EventDate "2013.??.??"]
[EventCountry "RUS"]
[SourceDate "2005.09.12"]

1. c4 Nf6 2. Nf3 c6 3. g3 d5 4. b3 Bf5 5. Bg2 e6 6. O-O Be7 7. Bb2 O-O 8. d4
Nbd7 9. Nbd2 h6 10. Ne1 a5 11. a4 Qb6 12. Bc3 Rfe8 13. Nc2 Bf8 14. Qc1 Bg6 15.
h3 dxc4 16. bxc4 e5 17. e3 exd4 18. exd4 Qc7 19. Ne3 Bd6 20. Re1 Re6 21. c5 Bf8
22. Ndc4 Ne4 23. h4 Ndf6 24. Ne5 Rxe5 25. dxe5 Nd7 26. h5 Bh7 27. Bxe4 Bxe4 28.
Nc4 Bd5 29. Nd6 Nxc5 30. Qe3 Ne6 31. Rab1 c5 32. Qd3 Bc6 33. f4 Rd8 34. Red1
Bxa4 35. Rd2 c4 36. Qd5 b5 37. f5 Ng5 38. Ra1 Bxd6 39. exd6 Qb6+ 40. Rd4 b4 41.
Rxa4 bxc3 42. Raxc4 c2 43. Kg2 Qb2 44. Rd2 c1=Q 45. Rxc1 Qxc1 46. d7 a4 47. Re2
Kh7 48. f6 gxf6 49. Re8 Qc7 0-1

[Event "Memorial Philidora"]
[Site "RUS"]
[Date "2013.08.17"]
[Round "4"]
[White "Pasalic, Harun"]
[Black "Arustamian, Artur"]
[Result "1-0"]
[WhiteElo "2212"]
[BlackElo "2386"]
[PlyCount "99"]
[EventDate "2013.??.??"]
[EventCountry "RUS"]
[SourceDate "2005.09.12"]

1. e4 c5 2. c3 Nf6 3. e5 Nd5 4. d4 cxd4 5. Nf3 Nc6 6. cxd4 d6 7. Bc4 dxe5 8.
Bxd5 Qxd5 9. Nc3 Qa5 10. d5 Nb4 11. a3 Bg4 12. Be3 Na6 13. O-O f6 14. h3 Bh5
15. b4 Qd8 16. Rc1 Nc7 17. Qe2 Qd7 18. Rfd1 Bf7 19. Nd2 Nxd5 20. Nde4 e6 21.
Nb5 Be7 22. Nc7+ Qxc7 23. Rxc7 Nxc7 24. Qc4 Nd5 25. Qb5+ Kf8 26. Qxb7 Re8 27.
Bc5 Bxc5 28. bxc5 Re7 29. Qb8+ Be8 30. Nd6 g6 31. Qd8 h6 32. Rxd5 exd5 33. c6
Rhh7 34. c7 Rxc7 35. Qxe8+ Kg7 36. Qd8 Rc1+ 37. Kh2 h5 38. Ne8+ Kh6 39. Nxf6
Rf7 40. h4 Kg7 41. Ne8+ Kh7 42. Qxd5 Re7 43. Qd6 Rf7 44. Qe6 Rb7 45. Nf6+ Kg7
46. Qxe5 Rcb1 47. Nxh5+ Kf7 48. Qf6+ Ke8 49. Qxg6+ Kd7 50. Nf4 1-0

[Event "Memorial Philidora"]
[Site "RUS"]
[Date "2013.08.24"]
[Round "8"]
[White "Afanasiev, Nikita"]
[Black "Slavinsky, Petr"]
[Result "1-0"]
[WhiteElo "2282"]
[BlackElo "2102"]
[PlyCount "71"]
[EventDate "2013.??.??"]
[EventCountry "RUS"]
[SourceDate "2005.09.12"]

1. Nf3 Nf6 2. c4 c6 3. b3 d5 4. Bb2 e6 5. g3 Be7 6. Bg2 O-O 7. O-O Nbd7 8. d3
b6 9. e4 Bb7 10. e5 Ne8 11. d4 c5 12. cxd5 Bxd5 13. Nc3 Bb7 14. d5 exd5 15.
Nxd5 Nb8 16. Nh4 Bxh4 17. Nf6+ Bxf6 18. Bxb7 Qc7 19. Bxa8 Bxe5 20. Bxe5 Qxe5
21. Re1 Qc7 22. Qd3 g6 23. Rad1 Ng7 24. b4 Ne6 25. Bd5 Nd4 26. bxc5 bxc5 27.
Qc4 Qd6 28. Bg2 Nd7 29. Qa4 a6 30. h3 Rb8 31. Qa5 Ne5 32. Qc3 f6 33. Kh1 Qb6
34. f4 Nec6 35. Qc4+ Kg7 36. Rc1 1-0

[Event "Memorial Philidora"]
[Site "RUS"]
[Date "2013.08.24"]
[Round "8"]
[White "Kutuzov, Denis"]
[Black "Rozanov, Pavel B"]
[Result "1/2-1/2"]
[WhiteElo "2343"]
[BlackElo "2304"]
[PlyCount "26"]
[EventDate "2013.??.??"]
[EventCountry "RUS"]
[SourceDate "2005.09.12"]

1. e4 e5 2. Nf3 Nf6 3. Nxe5 d6 4. Nf3 Nxe4 5. d4 d5 6. Bd3 Be7 7. O-O Nc6 8. c4
Nf6 9. Nc3 O-O 10. Re1 Nb4 11. Bf1 dxc4 12. Bxc4 Nbd5 13. Qb3 c6 1/2-1/2

[Event "Memorial Philidora"]
[Site "RUS"]
[Date "2013.08.27"]
[Round "9"]
[White "Prosviriakov, Vladimir"]
[Black "Reprintsev, Alexander"]
[Result "1/2-1/2"]
[WhiteElo "2307"]
[BlackElo "2338"]
[PlyCount "29"]
[EventDate "2013.??.??"]
[EventCountry "RUS"]
[SourceDate "2005.09.12"]

1. Nf3 b6 2. g3 Bb7 3. Bg2 c5 4. O-O Nf6 5. c4 g6 6. b3 Bg7 7. Bb2 O-O 8. Nc3
d5 9. Nxd5 Nxd5 10. Bxg7 Kxg7 11. cxd5 Qxd5 12. d4 cxd4 13. Qxd4+ Qxd4 14. Nxd4
Bxg2 15. Kxg2 1/2-1/2

[Event "Memorial Philidora"]
[Site "RUS"]
[Date "2013.08.20"]
[Round "5"]
[White "Kutuzov, Denis"]
[Black "Pasalic, Harun"]
[Result "0-1"]
[WhiteElo "2343"]
[BlackElo "2212"]
[PlyCount "110"]
[EventDate "2013.??.??"]
[EventCountry "RUS"]
[SourceDate "2005.09.12"]

1. e4 c5 2. Nf3 g6 3. c3 Bg7 4. d4 cxd4 5. cxd4 d5 6. e5 Bg4 7. Be2 Nc6 8. Nc3
Nh6 9. Be3 Nf5 10. O-O O-O 11. Qd2 e6 12. h3 Bxf3 13. Bxf3 Rc8 14. Rac1 Nxe3
15. fxe3 Bh6 16. Bg4 Bg5 17. g3 h5 18. Be2 Kg7 19. h4 Bh6 20. Kg2 f6 21. exf6+
Rxf6 22. Bd3 Qe7 23. Rxf6 Qxf6 24. Rf1 Qxd4 25. Qc2 Bxe3 26. Bxg6 Ne5 27. Bxh5
Qd2+ 28. Qxd2 Bxd2 29. Nb5 Be3 30. Bd1 Rc6 31. Kh3 d4 32. Nxa7 Rc1 33. Nb5 Nd3
34. Kg2 Rb1 35. Bb3 Rxb2+ 36. Kf3 Nc5 37. Bc4 Rb4 38. Nd6 Kf6 39. a3 Ra4 40.
Bb5 Ra5 41. a4 Nxa4 42. Ke4+ Ke7 43. Ke5 Nc5 44. Rf7+ Kd8 45. Rxb7 d3 46. Nf7+
Kc8 47. Nd6+ Kd8 48. Nc4 Nxb7 49. Nxa5 Nxa5 50. Bxd3 Ke7 51. g4 Nc6+ 52. Ke4
Bc1 53. g5 Kd6 54. Be2 Nd8 55. Bg4 Nb7 0-1

[Event "Memorial Philidora"]
[Site "RUS"]
[Date "2013.08.20"]
[Round "5"]
[White "Afanasiev, Nikita"]
[Black "Reprintsev, Alexander"]
[Result "1-0"]
[WhiteElo "2282"]
[BlackElo "2338"]
[PlyCount "105"]
[EventDate "2013.??.??"]
[EventCountry "RUS"]
[SourceDate "2005.09.12"]

1. c4 e5 2. Nc3 Nc6 3. g3 d6 4. Bg2 Be6 5. d3 Qd7 6. h3 g6 7. Rb1 Bg7 8. b4
Nge7 9. Nd5 O-O 10. e3 a5 11. Nxe7+ Nxe7 12. b5 d5 13. c5 d4 14. Bxb7 dxe3 15.
Bxa8 exf2+ 16. Kxf2 Rxa8 17. c6 Qd5 18. Nf3 Rd8 19. Bg5 f6 20. Be3 Nf5 21. Ba7
Bh6 22. Qc2 Nd6 23. b6 cxb6 24. Bxb6 Rc8 25. c7 e4 26. Nd4 exd3 27. Qxd3 Ne4+
28. Kg1 Bf7 29. Rb5 Qa8 30. Rxa5 Qb7 31. Qa6 Rxc7 32. Bxc7 Qxc7 33. Qa8+ Kg7
34. Qxe4 Qxg3+ 35. Kf1 Be3 36. Rf5 Bc4+ 37. Ne2 gxf5 38. Qxf5 Bg5 39. Qe4 Kh6
40. Qg4 Qd3 41. Rg1 Bxa2 42. h4 Qb1+ 43. Kf2 Qb6+ 44. Nd4 Qb2+ 45. Kg3 Qc3+ 46.
Kh2 Qd2+ 47. Kh3 Qd3+ 48. Nf3 Bd2 49. Rg3 Qf1+ 50. Kh2 Qd3 51. Qg7+ Kh5 52.
Qxf6 Qc2 53. Qe5+ 1-0

[Event "Memorial Philidora"]
[Site "RUS"]
[Date "2013.08.22"]
[Round "6"]
[White "Reprintsev, Alexander"]
[Black "Slavinsky, Petr"]
[Result "1/2-1/2"]
[WhiteElo "2338"]
[BlackElo "2102"]
[PlyCount "106"]
[EventDate "2013.??.??"]
[EventCountry "RUS"]
[SourceDate "2005.09.12"]

1. g4 d5 2. Bg2 Bxg4 3. c4 c6 4. Qb3 Qb6 5. cxd5 Nf6 6. Nc3 e6 7. f3 Qxb3 8.
axb3 Bh5 9. dxe6 fxe6 10. Bh3 Bf7 11. e4 Na6 12. Nge2 Nc5 13. O-O Nxb3 14. Rb1
Bc5+ 15. Kg2 Rd8 16. Rd1 e5 17. d3 Nxc1 18. Nxc1 Nh5 19. N3e2 Be3 20. b4 Bc4
21. Bg4 Nf4+ 22. Nxf4 Bxf4 23. Bc8 Ba6 24. b5 Bxb5 25. Bxb7 O-O 26. Nb3 Bxd3
27. Rb2 Bb5 28. Rxd8 Rxd8 29. Na5 Rd1 30. Nxc6 Bf1+ 31. Kf2 Bxh2 32. Nxa7 Bc4
33. Nc6 Bf4 34. Ne7+ Kf7 35. Bd5+ Bxd5 36. Nxd5 Rd2+ 37. Rxd2 Bxd2 38. Kg3 Kg6
39. Ne7+ Kg5 40. Nf5 Kf6 41. Nd6 Ke6 42. Ne8 g6 43. Nc7+ Kf6 44. Nd5+ Kg5 45.
Nc7 Be1+ 46. Kg2 h6 47. Ne6+ Kf6 48. Nc7 h5 49. Nd5+ Kg5 50. Nc7 Kf4 51. Nd5+
Kg5 52. Nc7 Kf4 53. Nd5+ Kg5 1/2-1/2

[Event "Memorial Philidora"]
[Site "RUS"]
[Date "2013.08.20"]
[Round "5"]
[White "Slavinsky, Petr"]
[Black "Kostin, Konstantin"]
[Result "0-1"]
[WhiteElo "2102"]
[BlackElo "2301"]
[PlyCount "106"]
[EventDate "2013.??.??"]
[EventCountry "RUS"]
[SourceDate "2005.09.12"]

1. e4 c5 2. d4 cxd4 3. c3 d5 4. exd5 Qxd5 5. Nf3 Bg4 6. cxd4 Bxf3 7. gxf3 Nc6
8. Nc3 Qxd4 9. Qxd4 Nxd4 10. Nb5 Ne6 11. Be3 a6 12. Rc1 Nf6 13. f4 g6 14. Nc7+
Nxc7 15. Rxc7 Bg7 16. Bg2 O-O 17. Bxb7 Rad8 18. Bxa6 Nd5 19. Rb7 Ra8 20. Bc4
Nxe3 21. fxe3 Rfc8 22. b3 Rxa2 23. O-O Bf6 24. Rd1 Rb2 25. Rbd7 Ra8 26. Rd8+
Rxd8 27. Rxd8+ Kg7 28. Rd7 Bh4 29. h3 Kf6 30. e4 Kg7 31. Rb7 Rc2 32. Bd5 Kh6
33. Bxf7 g5 34. fxg5+ Kxg5 35. Rxe7 Kf4 36. Re8 Bf2+ 37. Kf1 Bc5 38. e5 Rf2+
39. Ke1 Ke3 40. Bc4 Rh2 41. Kd1 Ba3 42. b4 Rd2+ 43. Ke1 Rc2 44. Bb3 Rc1+ 45.
Bd1 Bxb4+ 46. Kf1 Rxd1+ 47. Kg2 Kf4 48. e6 Rd2+ 49. Kg1 Bc5+ 50. Kf1 Kf3 51.
Ke1 Rd5 52. Rb8 Bf2+ 53. Kf1 Rd1# 0-1